LIBRARY ONLINE CATALOGUE

Haggai, Zechariah and Malachi : (Record no. 7611)

MARC details
000 -LEADER
fixed length control field 00744cam a22002172 4500
001 - CONTROL NUMBER
control field 0000008507
005 - DATE AND TIME OF LATEST TRANSACTION
control field 20151217152035.0
008 - FIXED-LENGTH DATA ELEMENTS--GENERAL INFORMATION
fixed length control field 080418s xx 000 0 eng d
020 ## - INTERNATIONAL STANDARD BOOK NUMBER
International Standard Book Number 1856841502 :
Terms of availability KES 730
040 ## - CATALOGING SOURCE
Original cataloging agency KABU
Transcribing agency KABU
100 1# - MAIN ENTRY--PERSONAL NAME
Personal name James, John.
-- 0000159121
245 10 - TITLE STATEMENT
Title Haggai, Zechariah and Malachi :
Remainder of title Crossway Bible guide /
Statement of responsibility, etc. John James.
260 ## - PUBLICATION, DISTRIBUTION, ETC. (IMPRINT)
Place of publication, distribution, etc. Leicester, England :
Name of publisher, distributor, etc. Crossway Books,
Date of publication, distribution, etc. 1996.
300 ## - PHYSICAL DESCRIPTION
Extent 166 p.
650 #0 - SUBJECT ADDED ENTRY--TOPICAL TERM
Topical term or geographic name as entry element Bible.O. T. Haggai
General subdivision Study and teaching.
-- 0000159122
650 #0 - SUBJECT ADDED ENTRY--TOPICAL TERM
Topical term or geographic name as entry element Bible. O. T. Zechariah
General subdivision Study and teaching.
-- 0000159123
650 #0 - SUBJECT ADDED ENTRY--TOPICAL TERM
Topical term or geographic name as entry element Bible. O. T. Malachi
General subdivision Study and teaching.
-- 0000159124
908 ## - PUT COMMAND PARAMETER (RLIN)
Put command parameter 080418
950 ## - LOCAL HOLDINGS (RLIN)
-- 1
Holdings
Withdrawn status Lost status Source of classification or shelving scheme Not for loan Home library Current library Date acquired Total Checkouts Full call number Barcode Date last seen Price effective from Koha item type
    Library of Congress Classification   Kabarak, Main Campus Kabarak, Main Campus 17/12/2015   BS1665.5 .J36 006003 02/08/2024 17/12/2015 General Collection